[Event "Chicago op 34th"]
[Site "Chicago"]
[Date "2025.05.26"]
[Round "9"]
[White "Kung, Thomas"]
[Black "Mitkov, Nikola"]
[Result "1/2-1/2"]
[WhiteElo "2183"]
[BlackElo "2387"]
[PlyCount "113"]
[EventDate "2025.05.22"]
[EventType "swiss"]
[EventRounds "9"]
[EventCountry "USA"]
[SourceTitle "CB23_2025"]
[SourceDate "2025.06.04"]
[SourceVersion "1"]
[SourceVersionDate "2025.06.04"]
[SourceQuality "1"]

1. e4 e5 2. Nf3 Nc6 3. Nc3 Nf6 4. d4 exd4 5. Nxd4 Bb4 6. Nxc6 bxc6 7. Bd3 d5 8. exd5 0-0 9. 0-0 cxd5 10. Bg5 Be6 11. Ne2 h6 12. Bh4 Rb8 13. Nd4 Bd7 14. c4 Be7 15. Rb1 dxc4 16. Bxc4 Ne8 17. Bxe7 Qxe7 18. Bb3 c5 19. Nc2 Bf5 20. Rc1 c4 21. Bxc4 Rxb2 22. Bb3 Qf6 23. Qd4 Bxc2 24. Qxf6 Nxf6 25. Rxc2 Rxc2 26. Bxc2 Rc8 27. Bb3 Kf8 28. g3 Rc7 29. Re1 Nd7 30. Ba4 Nf6 31. Bb3 g5 32. Kg2 Nd7 33. Re4 Nc5 34. Rc4 Ke7 35. h4 Kd6 36. hxg5 hxg5 37. Rd4+ Ke7 38. Rc4 a5 39. Rg4 f6 40. Rd4 Rb7 41. Rd5 Rc7 42. Rd4 Rc6 43. Kf1 Rb6 44. Rd5 Rc6 45. Rd4 Rd6 46. Rc4 Rd5 47. Ke2 Kd6 48. f4 g4 49. Bc2 Rh5 50. Rd4+ Kc6 51. f5 Rh2+ 52. Kd1 Rg2 53. Rxg4 Kd5 54. Kc1 Rf2 55. Rh4 Rf3 56. Rg4 Rf2 57. Rh4 1/2-1/2

[Event "Chicago op 34th"]
[Site "Chicago"]
[Date "2025.05.24"]
[Round "4"]
[White "Mitkov, Nikola"]
[Black "Cordova, Emilio"]
[Result "1/2-1/2"]
[WhiteElo "2387"]
[BlackElo "2513"]
[PlyCount "31"]
[EventDate "2025.05.22"]
[EventType "swiss"]
[EventRounds "9"]
[EventCountry "USA"]
[SourceTitle "CB23_2025"]
[SourceDate "2025.06.04"]
[SourceVersion "1"]
[SourceVersionDate "2025.06.04"]
[SourceQuality "1"]

1. e4 e5 2. Nc3 Bc5 3. Nf3 d6 4. Bc4 Nf6 5. d3 Nc6 6. Na4 Bb6 7. c3 h6 8. h3 Na5 9. Bb3 Nxb3 10. axb3 Bd7 11. Nxb6 axb6 12. Be3 0-0 13. 0-0 Rxa1 14. Qc1 Rb1 15. Qxb1 Qa8 16. Qa1 1/2-1/2

[Event "Mexican op 70th"]
[Site "Mexico City"]
[Date "2025.04.19"]
[Round "9"]
[White "Quesada Perez, Luis Ernesto"]
[Black "Mitkov, Nikola"]
[Result "1/2-1/2"]
[WhiteElo "2535"]
[BlackElo "2382"]
[PlyCount "51"]
[EventDate "2025.04.14"]
[EventType "swiss"]
[EventRounds "9"]
[EventCountry "MEX"]
[SourceTitle "CB17_2025"]
[SourceDate "2025.04.23"]
[SourceVersion "1"]
[SourceVersionDate "2025.04.23"]
[SourceQuality "1"]

1. d4 d5 2. c4 e6 3. Nc3 Bb4 4. cxd5 exd5 5. Nf3 Nf6 6. Bg5 h6 7. Bh4 Nbd7 8. Qc2 g5 9. Bg3 Ne4 10. Nd2 Nxg3 11. hxg3 Nb6 12. a3 Be7 13. 0-0-0 c6 14. e4 Be6 15. e5 Qd7 16. Bd3 0-0-0 17. f4 Bg4 18. Nf3 gxf4 19. gxf4 Kb8 20. Rde1 Rdg8 21. Kb1 h5 22. Nh4 c5 23. Qf2 Rc8 24. f5 cxd4 25. e6 fxe6 26. fxe6 1/2-1/2

[Event "Mexican op 70th"]
[Site "Mexico City"]
[Date "2025.04.18"]
[Round "7"]
[White "Cori Quispe, Kevin Joel"]
[Black "Mitkov, Nikola"]
[Result "1-0"]
[WhiteElo "2464"]
[BlackElo "2382"]
[PlyCount "99"]
[EventDate "2025.04.14"]
[EventType "swiss"]
[EventRounds "9"]
[EventCountry "MEX"]
[SourceTitle "CB17_2025"]
[SourceDate "2025.04.23"]
[SourceVersion "1"]
[SourceVersionDate "2025.04.23"]
[SourceQuality "1"]

1. e4 e5 2. Nf3 Nc6 3. Bb5 a6 4. Ba4 Nf6 5. 0-0 b5 6. Bb3 Bb7 7. Re1 Bc5 8. c3 d6 9. d4 Bb6 10. a4 0-0 11. Bg5 h6 12. Bh4 Re8 13. Qd3 exd4 14. cxd4 Nb4 15. Qc3 c5 16. Nbd2 Ba5 17. axb5 axb5 18. dxc5 dxc5 19. Red1 Nd3 20. Qc2 g5 21. e5 Ng4 22. Bg3 Bxd2 23. Rxa8 Bxa8 24. Rxd2 c4 25. Bxc4 bxc4 26. Qxc4 Qa5 27. Qxd3 Bxf3 28. gxf3 Nxe5 29. Bxe5 Qxe5 30. Kg2 Rb8 31. Re2 Qb5 32. Qd6 Kg7 33. Qd4+ Kg6 34. Rc2 Qb6 35. Qe4+ Kg7 36. Qe5+ Kg8 37. Rd2 Qb7 38. h3 Kh7 39. Qf5+ Kg7 40. Qe5+ Kh7 41. Qf5+ Kg7 42. Rd7 Qb3 43. Rxf7+ Qxf7 44. Qe5+ Kh7 45. Qxb8 h5 46. Qd6 Kg7 47. b4 Qb7 48. Qe5+ Kh6 49. Qf6+ Kh7 50. Qxg5 1-0

[Event "Mexican op 70th"]
[Site "Mexico City"]
[Date "2025.04.14"]
[Round "1"]
[White "Mitkov, Nikola"]
[Black "Castro Esparza, Raul"]
[Result "1-0"]
[WhiteElo "2382"]
[BlackElo "1943"]
[PlyCount "47"]
[EventDate "2025.04.14"]
[EventType "swiss"]
[EventRounds "9"]
[EventCountry "MEX"]
[SourceTitle "CB17_2025"]
[SourceDate "2025.04.23"]
[SourceVersion "1"]
[SourceVersionDate "2025.04.23"]
[SourceQuality "1"]

1. e4 c5 2. Nc3 e6 3. Nf3 a6 4. d4 cxd4 5. Nxd4 Qc7 6. Bd3 Nf6 7. 0-0 Be7 8. Bd2 0-0 9. Kh1 d6 10. f4 Nc6 11. Nf3 b5 12. Qe1 Bb7 13. a3 Rfd8 14. Qg3 Na5 15. Rae1 Nc4 16. Bc1 Nxa3 17. e5 Ne8 18. bxa3 Qxc3 19. Bxh7+ Kf8 20. Bd3 g6 21. Qh3 Kg8 22. Bxg6 fxg6 23. Qxe6+ Kg7 24. Qxe7+ 1-0

[Event "Cienaga op"]
[Site "Cienaga"]
[Date "2024.12.18"]
[Round "7"]
[White "Carrillo Parra, Miguel Alfredo"]
[Black "Mitkov, Nikola"]
[Result "0-1"]
[WhiteElo "2173"]
[BlackElo "2368"]
[PlyCount "99"]
[EventDate "2024.12.15"]
[EventType "swiss"]
[EventRounds "9"]
[EventCountry "COL"]
[SourceTitle "CB52_2024"]
[SourceDate "2024.12.25"]
[SourceVersion "1"]
[SourceVersionDate "2024.12.25"]
[SourceQuality "1"]

1. d4 Nf6 2. c4 e6 3. Nc3 Bb4 4. Nf3 b6 5. Qb3 c5 6. dxc5 bxc5 7. a3 Ba5 8. Bd2 Nc6 9. Qc2 0-0 10. e3 d5 11. Rd1 d4 12. Na4 dxe3 13. fxe3 Bxd2+ 14. Qxd2 Nd7 15. Be2 Rb8 16. 0-0 Qa5 17. Qc2 h6 18. Rd6 Nce5 19. Nc3 Bb7 20. Rfd1 Nxf3+ 21. gxf3 Nf6 22. Qd2 Kh8 23. Kf2 Ne8 24. Rd8 Qc7 25. Kg2 Bc6 26. Nb5 Rxd8 27. Qxd8 Qe5 28. Nxa7 Ba4 29. b3 Bxb3 30. Qe7 Rg8 31. Rd8 Qxe3 32. Kf1 Nf6 33. Rxg8+ Kxg8 34. Qd8+ Kh7 35. Qd3+ Qxd3 36. Bxd3+ g6 37. Ke1 Nd7 38. Kd2 Nb6 39. Kc3 Bd1 40. f4 Kg7 41. Nb5 g5 42. fxg5 hxg5 43. Nd6 f5 44. Nb7 Na4+ 45. Kd2 Bf3 46. Bc2 Bxb7 47. Bxa4 Kf6 48. Bb5 Ke5 49. a4 f4 50. a5 0-1

[Event "Cienaga op"]
[Site "Cienaga"]
[Date "2024.12.17"]
[Round "5"]
[White "Barrientos Chavarriaga, Sergio E"]
[Black "Mitkov, Nikola"]
[Result "1/2-1/2"]
[WhiteElo "2412"]
[BlackElo "2368"]
[PlyCount "21"]
[EventDate "2024.12.15"]
[EventType "swiss"]
[EventRounds "9"]
[EventCountry "COL"]
[SourceTitle "CB52_2024"]
[SourceDate "2024.12.25"]
[SourceVersion "1"]
[SourceVersionDate "2024.12.25"]
[SourceQuality "1"]

1. Nf3 d5 2. d4 Nf6 3. c4 e6 4. Nc3 h6 5. cxd5 exd5 6. Bf4 Bd6 7. Bg3 0-0 8. e3 c6 9. Bd3 Re8 10. Qc2 a5 11. Ng1 1/2-1/2

[Event "Cienaga op"]
[Site "Cienaga"]
[Date "2024.12.17"]
[Round "4"]
[White "Mitkov, Nikola"]
[Black "Romero Barreto, Jaime Jose"]
[Result "1/2-1/2"]
[WhiteElo "2368"]
[BlackElo "2306"]
[PlyCount "37"]
[EventDate "2024.12.15"]
[EventType "swiss"]
[EventRounds "9"]
[EventCountry "COL"]
[SourceTitle "CB52_2024"]
[SourceDate "2024.12.25"]
[SourceVersion "1"]
[SourceVersionDate "2024.12.25"]
[SourceQuality "1"]

1. e4 e5 2. Nc3 Nf6 3. Bc4 Bc5 4. Nge2 Nc6 5. 0-0 0-0 6. d3 Na5 7. a4 Nxc4 8. dxc4 h6 9. b3 d6 10. Qd3 Ng4 11. Ba3 Qh4 12. Qg3 Qxg3 13. Nxg3 Bd4 14. Nge2 Bb6 15. Nd5 Be6 16. Nxb6 axb6 17. f3 Nf6 18. Nc3 Bd7 19. Rfd1 1/2-1/2

[Event "Medellin Raza Antioquia"]
[Site "Medellin"]
[Date "2024.10.14"]
[Round "9"]
[White "Mitkov, Nikola"]
[Black "Ospina Castro, Santiago"]
[Result "1-0"]
[WhiteElo "2346"]
[BlackElo "2138"]
[PlyCount "65"]
[EventDate "2024.10.10"]
[EventType "swiss"]
[EventRounds "9"]
[EventCountry "COL"]
[SourceTitle "CB43_2024"]
[Source "Chessbase"]
[SourceDate "2024.10.23"]
[SourceVersion "1"]
[SourceVersionDate "2024.10.23"]
[SourceQuality "1"]

1. e4 e6 2. d4 d5 3. Nc3 dxe4 4. Nxe4 Nd7 5. Nf3 Ngf6 6. Nxf6+ Nxf6 7. g3 c5 8. Bg2 cxd4 9. Qxd4 Be7 10. Qxd8+ Bxd8 11. 0-0 Bc7 12. Re1 Bd7 13. Ne5 Bxe5 14. Rxe5 Bc6 15. Bxc6+ bxc6 16. Rc5 Kd7 17. Bf4 Rhc8 18. Rd1+ Ke7 19. Bd6+ Ke8 20. Rd4 Nd7 21. Rg5 g6 22. Rh4 h5 23. g4 Nf6 24. gxh5 Nxh5 25. Rc5 Nf6 26. Ra5 Nd5 27. Bc5 a6 28. Ra3 Rd8 29. Rh8+ Kd7 30. Rh7 Ke8 31. Rf3 f5 32. Rfh3 Rab8 33. Rg7 1-0

[Event "Medellin Raza Antioquia"]
[Site "Medellin"]
[Date "2024.10.13"]
[Round "7"]
[White "Mitkov, Nikola"]
[Black "Arenas Vanegas, David"]
[Result "1/2-1/2"]
[WhiteElo "2346"]
[BlackElo "2326"]
[PlyCount "40"]
[EventDate "2024.10.10"]
[EventType "swiss"]
[EventRounds "9"]
[EventCountry "COL"]
[SourceTitle "CB43_2024"]
[Source "Chessbase"]
[SourceDate "2024.10.23"]
[SourceVersion "1"]
[SourceVersionDate "2024.10.23"]
[SourceQuality "1"]

1. e4 c5 2. Nc3 g6 3. d4 cxd4 4. Qxd4 Nf6 5. Be3 Nc6 6. Qd2 Bg7 7. f3 d6 8. Nge2 Qa5 9. Nf4 Bd7 10. Bc4 Ne5 11. Bb3 Rc8 12. Ncd5 Qxd2+ 13. Kxd2 Nxd5 14. Nxd5 b6 15. a4 Nc6 16. c3 Na5 17. Kc2 Be6 18. Rhd1 h5 19. h4 Bd7 20. Bd4 Bxd4 1/2-1/2

[Event "Medellin Raza Antioquia"]
[Site "Medellin"]
[Date "2024.10.12"]
[Round "4"]
[White "Barrientos Chavarriaga, Sergio E"]
[Black "Mitkov, Nikola"]
[Result "1/2-1/2"]
[WhiteElo "2412"]
[BlackElo "2346"]
[PlyCount "22"]
[EventDate "2024.10.10"]
[EventType "swiss"]
[EventRounds "9"]
[EventCountry "COL"]
[SourceTitle "CB43_2024"]
[Source "Chessbase"]
[SourceDate "2024.10.23"]
[SourceVersion "1"]
[SourceVersionDate "2024.10.23"]
[SourceQuality "1"]

1. d4 Nf6 2. Bf4 d5 3. Nf3 c5 4. e3 Nc6 5. c3 Qb6 6. Qb3 c4 7. Qc2 Bf5 8. Qc1 e6 9. Nbd2 Be7 10. h3 0-0 11. Be2 h6 1/2-1/2

[Event "Medellin Raza Antioquia"]
[Site "Medellin"]
[Date "2024.10.12"]
[Round "5"]
[White "Mareco, Sandro"]
[Black "Mitkov, Nikola"]
[Result "0-1"]
[WhiteElo "2574"]
[BlackElo "2346"]
[PlyCount "70"]
[EventDate "2024.10.10"]
[EventType "swiss"]
[EventRounds "9"]
[EventCountry "COL"]
[SourceTitle "CB43_2024"]
[Source "Chessbase"]
[SourceDate "2024.10.23"]
[SourceVersion "1"]
[SourceVersionDate "2024.10.23"]
[SourceQuality "1"]

1. d4 d5 2. c4 e6 3. Nf3 Nf6 4. Nc3 Bb4 5. Qa4+ Nc6 6. e3 0-0 7. Qc2 Re8 8. Bd2 a6 9. a3 Bf8 10. h4 e5 11. dxe5 Nxe5 12. cxd5 Nxf3+ 13. gxf3 Bd7 14. 0-0-0 c6 15. d6 Bxd6 16. Bd3 Re5 17. f4 Rh5 18. Rdg1 Bf8 19. Rg3 Qe7 20. f5 Qc5 21. e4 Qxf2 22. Rhg1 Ne8 23. Qb3 b5 24. Bg5 a5 25. Be2 Rxh4 26. Qd1 Rh1 27. Bf3 Rxg1 28. Rxg1 b4 29. Rg2 Qc5 30. Qxd7 bxc3 31. Bh5 cxb2+ 32. Kb1 Nd6 33. Rxb2 Qxa3 34. e5 Qd3+ 35. Ka1 Qxf5 0-1

[Event "Aguascalientes 2nd"]
[Site "Aguascalientes"]
[Date "2024.08.11"]
[Round "9"]
[White "Garcia De Dios, Jose Antonio"]
[Black "Mitkov, Nikola"]
[Result "0-1"]
[WhiteElo "2216"]
[BlackElo "2347"]
[PlyCount "128"]
[EventDate "2024.08.06"]
[EventType "swiss"]
[EventRounds "9"]
[EventCountry "MEX"]
[SourceTitle "CBM 221 Extra"]
[Source "ChessBase"]
[SourceDate "2024.09.30"]
[SourceVersion "1"]
[SourceVersionDate "2024.09.30"]
[SourceQuality "1"]

1. d4 d5 2. c4 e6 3. Nf3 Nc6 4. Nbd2 Nge7 5. e3 g6 6. b3 Bg7 7. Bb2 a5 8. a3 0-0 9. Be2 h6 10. Qc2 Bd7 11. Rd1 f5 12. Ne5 Nxe5 13. dxe5 Qc8 14. 0-0 Bc6 15. f4 dxc4 16. bxc4 Qe8 17. Bf3 Rf7 18. Nb3 Bf8 19. Qc3 Bxf3 20. Rxf3 Nc6 21. Rff1 a4 22. Nd4 Bc5 23. Rd3 Kh7 24. Kh1 Rg7 25. Rfd1 Rd8 26. Qc2 Ra8 27. Qe2 Na5 28. Qc2 Bf8 29. R3d2 Rf7 30. Rd3 b6 31. R3d2 Nb7 32. e4 Bc5 33. exf5 gxf5 34. Rd3 Bxd4 35. Bxd4 Qc6 36. Bf2 Rg8 37. Rg3 Rfg7 38. Qe2 Rg4 39. Qf3 Qxf3 40. Rxf3 Rxg2 41. Bh4 Nc5 42. Rg3 Rc2 43. Bf6 Rxg3 44. hxg3 Kg6 45. Rd8 Ne4 46. Rg8+ Kh5 47. Bd8 Rxc4 48. Kg2 Rc2+ 49. Kf3 Rc3+ 50. Kg2 b5 51. g4+ fxg4 52. f5 Rc2+ 53. Kg1 Rc1+ 54. Kg2 Rc2+ 55. Kg1 exf5 56. e6 b4 57. Rf8 Rc1+ 58. Kg2 Rc2+ 59. Kg1 g3 60. e7 Nd6 61. Rxf5+ Kg4 62. Rf6 Ne8 63. Rf8 Kh3 64. Rf1 b3 0-1

[Event "Aguascalientes 2nd"]
[Site "Aguascalientes"]
[Date "2024.08.10"]
[Round "8"]
[White "Mitkov, Nikola"]
[Black "Almeida Quintana, Omar"]
[Result "0-1"]
[WhiteElo "2347"]
[BlackElo "2481"]
[PlyCount "72"]
[EventDate "2024.08.06"]
[EventType "swiss"]
[EventRounds "9"]
[EventCountry "MEX"]
[SourceTitle "CBM 221 Extra"]
[Source "ChessBase"]
[SourceDate "2024.09.30"]
[SourceVersion "1"]
[SourceVersionDate "2024.09.30"]
[SourceQuality "1"]

1. e4 g6 2. d4 Bg7 3. Nc3 d6 4. Be3 a6 5. g4 h5 6. gxh5 Rxh5 7. Be2 Rh8 8. h4 Nf6 9. Nf3 Bg4 10. Ng5 Bxe2 11. Qxe2 e6 12. 0-0-0 Nh5 13. Rh3 Qe7 14. f4 Nd7 15. f5 gxf5 16. exf5 0-0-0 17. Rf1 Nhf6 18. Bd2 e5 19. Re1 Nb6 20. Qd3 Qd7 21. d5 Kb8 22. Kb1 Rde8 23. Rg1 Nh5 24. Qe4 Nf4 25. Rhh1 Bf6 26. Be3 Nc8 27. a3 Reg8 28. Nf3 Rxg1+ 29. Nxg1 Ne7 30. Bxf4 exf4 31. Nge2 Qxf5 32. Qxf5 Nxf5 33. Ne4 f3 34. Ng1 Re8 35. Nf2 Re1+ 36. Ka2 Ng3 0-1

[Event "Aguascalientes 2nd"]
[Site "Aguascalientes"]
[Date "2024.08.09"]
[Round "6"]
[White "Mitkov, Nikola"]
[Black "Luna Javier, Edgar Froylan"]
[Result "1-0"]
[WhiteElo "2347"]
[BlackElo "2153"]
[PlyCount "123"]
[EventDate "2024.08.06"]
[EventType "swiss"]
[EventRounds "9"]
[EventCountry "MEX"]
[SourceTitle "CBM 221 Extra"]
[Source "ChessBase"]
[SourceDate "2024.09.30"]
[SourceVersion "1"]
[SourceVersionDate "2024.09.30"]
[SourceQuality "1"]

1. e4 c5 2. Nc3 a6 3. Nf3 b5 4. d4 cxd4 5. Nxd4 Bb7 6. Bd3 Nc6 7. Nxc6 Bxc6 8. 0-0 e6 9. Re1 Ne7 10. Qh5 g6 11. Qe5 Rg8 12. a4 Bg7 13. Qc5 d6 14. Qb4 a5 15. Qb3 bxa4 16. Nxa4 Rb8 17. Qa3 Qc7 18. Nc3 Be5 19. Qxa5 Qxa5 20. Rxa5 Kd7 21. Ra7+ Rb7 22. Rxb7+ Bxb7 23. Na4 Nc8 24. b4 f5 25. c4 Kc7 26. c5 Bd4 27. Be3 dxc5 28. Nxc5 Bxc5 29. Bxc5 Rd8 30. Bc4 Nd6 31. Bxe6 Nxe4 32. Be3 Bd5 33. Bf4+ Kb7 34. Bxd5+ Rxd5 35. f3 Nc3 36. Re7+ Kb6 37. Kf2 Rd4 38. Be5 Rd2+ 39. Ke3 Nd5+ 40. Kxd2 Nxe7 41. Kc3 Nd5+ 42. Kd4 Nxb4 43. Kc4 Nc2 44. Kd3 Ne1+ 45. Ke3 Nxg2+ 46. Kf2 Nh4 47. Bg3 g5 48. Bxh4 gxh4 49. Ke3 Kc5 50. Kf4 Kd4 51. Kxf5 h3 52. f4 Ke3 53. Ke5 Kf3 54. f5 Kg2 55. f6 Kxh2 56. f7 Kg2 57. f8Q h2 58. Qg8+ Kf1 59. Qc4+ Kg1 60. Qg4+ Kh1 61. Qf3+ Kg1 62. Qg3+ 1-0

[Event "Aguascalientes 2nd"]
[Site "Aguascalientes"]
[Date "2024.08.08"]
[Round "3"]
[White "Cori Quispe, Kevin Joel"]
[Black "Mitkov, Nikola"]
[Result "1-0"]
[WhiteElo "2463"]
[BlackElo "2347"]
[PlyCount "57"]
[EventDate "2024.08.06"]
[EventType "swiss"]
[EventRounds "9"]
[EventCountry "MEX"]
[SourceTitle "CBM 221 Extra"]
[Source "ChessBase"]
[SourceDate "2024.09.30"]
[SourceVersion "1"]
[SourceVersionDate "2024.09.30"]
[SourceQuality "1"]

1. e4 e5 2. Nf3 Nc6 3. Bb5 a6 4. Ba4 Nge7 5. Nc3 Ng6 6. h4 h5 7. d4 Bb4 8. Bg5 f6 9. Be3 exd4 10. Nxd4 Nxd4 11. Qxd4 c5 12. Qd5 Ne7 13. Qd6 b6 14. 0-0-0 Bxc3 15. bxc3 0-0 16. Bb3+ Kh8 17. g4 Bb7 18. f3 hxg4 19. Qxd7 Bc6 20. Qxg4 Qe8 21. Rhg1 g6 22. h5 Kg7 23. hxg6 Rh8 24. e5 f5 25. Qg5 Ng8 26. Rd6 Bxf3 27. Qf6+ Nxf6 28. exf6+ Kf8 29. g7# 1-0

[Event "Mexican op 69th"]
[Site "Mexico City"]
[Date "2024.03.30"]
[Round "7"]
[White "Mitkov, Nikola"]
[Black "Hernandez Guerrero, Gilberto Eduardo"]
[Result "1/2-1/2"]
[WhiteElo "2373"]
[BlackElo "2507"]
[PlyCount "59"]
[EventDate "2024.03.26"]
[EventType "swiss"]
[EventRounds "9"]
[EventCountry "MEX"]
[SourceTitle "CBM 219 Extra"]
[Source "ChessBase"]
[SourceDate "2024.05.31"]
[SourceVersion "1"]
[SourceVersionDate "2024.05.31"]
[SourceQuality "1"]

1. e4 c5 2. Nc3 e6 3. Nf3 Nc6 4. d4 cxd4 5. Nxd4 Nf6 6. a3 d6 7. Be3 Be7 8. Be2 0-0 9. Qd2 Nxd4 10. Qxd4 e5 11. Qd3 Be6 12. 0-0 a6 13. Rfd1 Rc8 14. a4 Qc7 15. a5 h6 16. Rd2 Qd7 17. Bb6 Ne8 18. Qg3 Bg5 19. Be3 Bxe3 20. Qxe3 Nf6 21. Na4 Rc6 22. Nb6 Qe7 23. c4 Nd7 24. Nxd7 Qxd7 25. b3 Qc7 26. h3 Rb8 27. Bg4 Rc5 28. Rd3 b6 29. axb6 Rxb6 30. Ra3 1/2-1/2

[Event "North American op 33rd"]
[Site "Las Vegas"]
[Date "2023.12.27"]
[Round "4"]
[White "Andriasian, Zaven"]
[Black "Mitkov, Nikola"]
[Result "1/2-1/2"]
[WhiteElo "2581"]
[BlackElo "2379"]
[PlyCount "45"]
[EventDate "2023.12.26"]
[EventType "swiss"]
[EventRounds "9"]
[EventCountry "USA"]
[SourceTitle "CBM 217 Extra"]
[Source "ChessBase"]
[SourceDate "2024.01.31"]
[SourceVersion "1"]
[SourceVersionDate "2024.01.31"]
[SourceQuality "1"]

1. e4 e5 2. Nf3 Nc6 3. Bc4 Nf6 4. d3 Be7 5. 0-0 0-0 6. a4 d6 7. a5 a6 8. Re1 Kh8 9. h3 Ng8 10. Nc3 f5 11. Nd5 fxe4 12. dxe4 Nf6 13. Ra3 Be6 14. Bd2 Qd7 15. b4 Bd8 16. Rd3 Qe8 17. Nxf6 Bxf6 18. Bd5 Bd7 19. Nh2 Rb8 20. Ng4 Bd8 21. c3 Qh5 22. Bb3 Bh4 23. g3 1/2-1/2

[Event "Panama op 4th"]
[Site "Panama City"]
[Date "2023.11.10"]
[Round "8"]
[White "Mitkov, Nikola"]
[Black "Delgado Rosas, Alex Antonio"]
[Result "1/2-1/2"]
[WhiteElo "2389"]
[BlackElo "2105"]
[PlyCount "52"]
[EventDate "2023.11.06"]
[EventType "swiss"]
[EventRounds "9"]
[EventCountry "PAN"]
[SourceTitle "CBM 217 Extra"]
[Source "ChessBase"]
[SourceDate "2024.01.31"]
[SourceVersion "1"]
[SourceVersionDate "2024.01.31"]
[SourceQuality "1"]

1. e4 c5 2. Nc3 a6 3. g3 Nc6 4. Bg2 e6 5. d3 Nf6 6. Nh3 Be7 7. 0-0 h5 8. Bg5 d6 9. Qd2 Nd4 10. f4 Ng4 11. Bxe7 Qxe7 12. Nd1 Qf6 13. c3 Nc6 14. Ne3 Nxe3 15. Qxe3 Qh6 16. e5 Nxe5 17. Qe4 Ng4 18. Rae1 h4 19. d4 hxg3 20. hxg3 Nf6 21. Qe3 Bd7 22. f5 Qxe3+ 23. Rxe3 Ng4 24. Re4 Nf6 25. Re3 Ng4 26. Re4 Nf6 1/2-1/2

[Event "Fort Lauderdale 1000 GM GM 08"]
[Site "Fort Lauderdale"]
[Date "2023.08.06"]
[Round "8"]
[White "Mitkov, Nikola"]
[Black "Kunka, Harshid"]
[Result "1/2-1/2"]
[WhiteElo "2420"]
[BlackElo "2348"]
[PlyCount "229"]
[EventDate "2023.08.02"]
[EventType "tourn"]
[EventRounds "9"]
[EventCountry "USA"]
[EventCategory "6"]
[SourceTitle "CBM 215 Extra"]
[Source "ChessBase"]
[SourceDate "2023.09.30"]
[SourceVersion "1"]
[SourceVersionDate "2023.09.30"]
[SourceQuality "1"]

1. e4 c6 2. Nc3 d5 3. Nf3 g6 4. d4 Bg7 5. h3 Nf6 6. e5 Ne4 7. Nxe4 dxe4 8. Ng5 c5 9. dxc5 Qa5+ 10. c3 Qxc5 11. e6 Bxe6 12. Nxe6 fxe6 13. Qb3 0-0 14. Be3 Qa5 15. Be2 Nc6 16. Qxe6+ Kh8 17. 0-0 Qf5 18. Bg4 Qe5 19. Rfd1 Rad8 20. Qb3 Rd3 21. Rxd3 exd3 22. Qxb7 Qd6 23. Qd7 Rb8 24. Qxd6 exd6 25. b3 Nb4 26. Bd2 h5 27. Bd1 Rc8 28. a3 Nd5 29. Rc1 Nxc3 30. Kf1 Bd4 31. Bf3 Kg7 32. b4 Kf6 33. Bb7 Rc7 34. Ba6 g5 35. Bxd3 g4 36. hxg4 hxg4 37. g3 Be5 38. Be3 d5 39. Kg2 d4 40. Bd2 Na4 41. Rxc7 Bxc7 42. Kf1 Nc3 43. Ke1 a5 44. bxa5 Bxa5 45. Ba6 Bc7 46. Bc8 Bd6 47. Bc1 Ne4 48. Bxg4 d3 49. Bb2+ Kg5 50. Bf3 d2+ 51. Kf1 Bc5 52. Ke2 Nxf2 53. Kxd2 Bd6 54. a4 Bxg3 55. a5 Bc7 56. a6 Bb6 57. Bc1 Kf5 58. Kc3 Ke5 59. Kc4 Nh3 60. Ba3 Ba7 61. Bc5 Bb8 62. Kb5 Ng5 63. Bg2 Ne6 64. a7 Bxa7 65. Bxa7 Nf4 66. Bb8+ Kf5 67. Bb7 Ne2 68. Kc4 Nf4 69. Bd6 Ng6 70. Bc8+ Ke4 71. Bb7+ Kf5 72. Kd4 Ke6 73. Bg3 Kf5 74. Bc8+ Kf6 75. Ke4 Ne7 76. Bh4+ Kf7 77. Bg4 Ng6 78. Bh5 Kg7 79. Bg5 Nh8 80. Kf5 Nf7 81. Bf6+ Kg8 82. Bd1 Nd6+ 83. Ke6 Ne8 84. Be5 Ng7+ 85. Kf6 Ne8+ 86. Ke7 Ng7 87. Bg4 Nf5+ 88. Kf6 Ng7 89. Bd7 Kh7 90. Bb5 Nh5+ 91. Kg5 Ng7 92. Bd3+ Kg8 93. Bc4+ Kh7 94. Bd5 Kh8 95. Kf6 Kh7 96. Kf7 Nh5 97. Bd4 Nf4 98. Bf3 Kh6 99. Kf6 Nh5+ 100. Ke5 Kg5 101. Be3+ Kg6 102. Be4+ Kf7 103. Bg5 Ng7 104. Bc2 Ne8 105. Bf4 Ng7 106. Bb3+ Kg6 107. Ba4 Kf7 108. Bd2 Kg6 109. Bb3 Nh5 110. Bc4 Ng7 111. Ba5 Nh5 112. Bd8 Ng7 113. Bc7 Ne8 114. Bb8 Ng7 115. Ba7 1/2-1/2

[Event "Fort Lauderdale 1000 GM GM 08"]
[Site "Fort Lauderdale"]
[Date "2023.08.02"]
[Round "1"]
[White "Mitkov, Nikola"]
[Black "Arnaudov, Petar G"]
[Result "1/2-1/2"]
[WhiteElo "2420"]
[BlackElo "2438"]
[PlyCount "27"]
[EventDate "2023.08.02"]
[EventType "tourn"]
[EventRounds "9"]
[EventCountry "USA"]
[EventCategory "6"]
[SourceTitle "CBM 215 Extra"]
[Source "ChessBase"]
[SourceDate "2023.09.30"]
[SourceVersion "1"]
[SourceVersionDate "2023.09.30"]
[SourceQuality "1"]

1. d4 d5 2. c4 e6 3. Nf3 Nf6 4. g3 Bb4+ 5. Bd2 Bd6 6. cxd5 exd5 7. Nc3 c6 8. Bg2 0-0 9. 0-0 Re8 10. Qc2 Bg4 11. Rfe1 Nbd7 12. a3 a5 13. h3 Bh5 14. Nh4 1/2-1/2

[Event "Charlotte Super op"]
[Site "Charlotte"]
[Date "2023.07.11"]
[Round "5"]
[White "Senft, Sean"]
[Black "Mitkov, Nikola"]
[Result "1-0"]
[WhiteElo "2160"]
[BlackElo "2447"]
[PlyCount "139"]
[EventDate "2023.07.09"]
[EventType "swiss"]
[EventRounds "9"]
[EventCountry "USA"]
[SourceTitle "CBM 215 Extra"]
[Source "ChessBase"]
[SourceDate "2023.09.30"]
[SourceVersion "1"]
[SourceVersionDate "2023.09.30"]
[SourceQuality "1"]

1. d4 Nf6 2. c4 e6 3. Nf3 b6 4. a3 d5 5. Nc3 Bb7 6. Bg5 Be7 7. e3 0-0 8. Rc1 h6 9. Bh4 a6 10. cxd5 Nxd5 11. Nxd5 Bxh4 12. Nf4 Be7 13. Be2 Nd7 14. Nd3 Bd6 15. 0-0 Qf6 16. b4 Rfd8 17. Qb3 a5 18. b5 a4 19. Qb2 Ra5 20. Nde5 Qe7 21. Nc4 Bxf3 22. Bxf3 Ra7 23. Nxd6 cxd6 24. Rc3 d5 25. Rfc1 Nf6 26. Rc6 Rb8 27. R1c3 g5 28. h3 Kg7 29. Qc1 Rbb7 30. Be2 Ne4 31. Rc2 Nf6 32. Bd3 Qd7 33. f4 Qe7 34. R2c3 Qd8 35. Qe1 Rc7 36. fxg5 hxg5 37. Qg3 Ne8 38. h4 Rxc6 39. Rxc6 Rc7 40. hxg5 Rxc6 41. bxc6 Qc7 42. Qh4 Kf8 43. Bb5 Qd6 44. Qh8+ Ke7 45. Qxe8+ Kxe8 46. c7+ Kf8 47. c8Q+ Kg7 48. Qc3 Kg6 49. Bxa4 Kxg5 50. Qb4 Qc7 51. Qd2 Qa7 52. e4+ Kg6 53. Bc2 dxe4 54. Bxe4+ f5 55. Bf3 Qxa3 56. Qe1 Kf7 57. Qe5 Qc1+ 58. Kf2 Qd2+ 59. Be2 Qc3 60. Bh5+ Ke7 61. Qg7+ Kd6 62. Qf8+ Kc7 63. Qe7+ Kb8 64. Qd8+ Ka7 65. Qd7+ Kb8 66. Qd8+ Ka7 67. Bf3 Qd2+ 68. Kg3 b5 69. Qc7+ Ka6 70. Bb7+ 1-0